Az ingatlan ügylet írásbeliségi kelléke
Elmentve itt :
| Dokumentumtípus: | Cikk |
|---|---|
| Megjelent: |
1926
|
| Sorozat: | Polgári jog : a hazai és külföldi magánjog és hiteljog szemléje
2 |
| Kulcsszavak: | Kötelmi jog szerződés |
| Online Access: | http://misc.bibl.u-szeged.hu/4289 |
| LEADER | 00570nab a2200157 i 4500 | ||
|---|---|---|---|
| 001 | misc4289 | ||
| 005 | 20191106143031.0 | ||
| 008 | 170607s1926 hu o 0|| hun d | ||
| 040 | |a SZTE Miscellanea Repozitórium |b hun | ||
| 041 | |a hun | ||
| 245 | 0 | 3 | |a Az ingatlan ügylet írásbeliségi kelléke |h [elektronikus dokumentum] |
| 260 | |c 1926 | ||
| 300 | |a 245-247a | ||
| 490 | 0 | |a Polgári jog : a hazai és külföldi magánjog és hiteljog szemléje |v 2 | |
| 695 | |a Kötelmi jog szerződés | ||
| 856 | 4 | 0 | |u http://misc.bibl.u-szeged.hu/4289/1/polgari_jog_1926_245-247a.pdf |z Dokumentum-elérés |